000 00273nam a22001217a 4500
003 SGT
082 _a823
_bHAR
100 _aHARGRAVE KIRAN MILLWOOD
245 _aTHE ISLAND AT THE END OF EVERYTHING
260 _aLONDON
_bKMH PUB
_c2017
300 _a239
942 _2ddc
_cBK
999 _c33565
_d33566